[Event "Asian-ch Seniors 65 zt 3.4"]
[Site "Chess.com INT"]
[Date "2020.07.16"]
[Round "1.3"]
[White "Ziyaev, Negmat"]
[Black "Murzin, Marat"]
[Result "1/2-1/2"]
[WhiteElo "2038"]
[BlackElo "1685"]
[PlyCount "180"]
[EventDate "2020.07.16"]
[EventType "swiss"]
[EventRounds "7"]
[EventCountry "UZB"]
[SourceTitle "EXT 2024"]
[Source "ChessBase"]
[SourceDate "2023.10.10"]
[SourceVersion "1"]
[SourceVersionDate "2023.10.10"]
[SourceQuality "1"]

1. c4 f5 2. Nc3 Nf6 3. g3 d6 4. d4 g6 5. Bg2 Bg7 6. Nf3 a5 7. 0-0 Na6 8. Re1 0-0 9. d5 Nc5 10. Nd4 Rb8 11. a3 e5 12. dxe6 Nxe6 13. Nxe6 Bxe6 14. Nd5 Ne4 15. Qc2 c6 16. Nf4 Bf7 17. Rb1 d5 18. Rd1 Qb6 19. Bxe4 dxe4 20. Be3 Qc7 21. b4 axb4 22. axb4 g5 23. Ng2 h6 24. Bd4 Rfd8 25. Bxg7 Kxg7 26. Ne3 Qe5 27. b5 Bg6 28. Rxd8 Rxd8 29. bxc6 bxc6 30. Qb2 Qxb2 31. Rxb2 f4 32. Nf1 Rd1 33. Kg2 f3+ 34. exf3 exf3+ 35. Kxf3 Rxf1 36. Rb7+ Kf6 37. Rc7 Be8 38. Rh7 Kg6 39. Re7 Bf7 40. Rc7 Rc1 41. Rxc6+ Kg7 42. Rc7 Rxc4 43. Ra7 Kf6 44. Ra6+ Be6 45. Ke3 Ke5 46. Ra5+ Bd5 47. f4+ Kd6 48. Ra6+ Rc6 49. Rxc6+ Bxc6 50. fxg5 hxg5 51. h4 g4 52. Kf4 Bf3 53. Kf5 Ke7 54. Kg6 Kf8 55. h5 Kg8 56. Kh6 Kh8 57. Kg6 Bb7 58. Kh6 Be4 59. Kg5 Bf3 60. Kg6 Bd1 61. Kh6 Ba4 62. Kg5 Bd7 63. Kg6 Kg8 64. Kh6 Kf7 65. Kg5 Kg7 66. h6+ Kh7 67. Kh5 Be6 68. Kg5 Bc8 69. Kh5 Kh8 70. Kg6 Bd7 71. Kh5 Kh7 72. Kg5 Be6 73. Kh5 Bc8 74. Kg5 Bd7 75. Kh5 Be6 76. Kg5 Kh8 77. Kg6 Bd5 78. Kg5 Bf3 79. Kg6 Kg8 80. Kg5 Kh7 81. Kh5 Be2 82. Kg5 Bd1 83. Kh5 Kh8 84. Kg5 Kg8 85. Kg6 Bc2+ 86. Kh5 Bd1 87. Kg6 Kh8 88. Kg5 Kh7 89. Kh5 Bf3 90. Kg5 Be2 1/2-1/2